| 000 | 01422cam a2200301 i 4500 | ||
|---|---|---|---|
| 003 | SA-RiAUC | ||
| 005 | 20250503090320.0 | ||
| 008 | 250502s2008____mr g 000 0bara c | ||
| 020 | _a9981030023 | ||
| 040 |
_aSA-RiKAPL _bara _cSA-RiAUC _erda |
||
| 082 | 0 | 4 | _a242 |
| 090 |
_a242 _bا ب ن ظ |
||
| 100 | 1 |
_aابن ظفر، محمد بن عبد الله بن محمد، _d497-565 هجري _eمؤلف. |
|
| 245 | 1 | 0 |
_aخير البشر بخير البشر صلى الله عليه وسلم / _cحجة الدين أبي عبد الله محمد بن محمد بن ظفر السيوطي الصقلي المكي ؛ ضبط وتحقيق لطيفة شوكري، خديجة أبوري. |
| 250 | _aالطبعة الأولى. | ||
| 264 | 1 |
_aالرباط : _bمركز الدراسات والأبحاث وإحياء التراث، _c2008 |
|
| 300 |
_a331 صفحة ؛ _c24 سم |
||
| 336 |
_aنص _btxt _2rdacontent _3كتاب |
||
| 337 |
_aبدون وسيط _bn _2rdamedia |
||
| 338 |
_aمجلد _bnc _2rdacarrier |
||
| 500 | _aختم اهداء من الرابطة المحمدية للعلماء | ||
| 600 | 0 | 7 |
_aمحمد (صلى الله عليه وسلم)، _d53 قبل الهجرة-11 هجري _2aucnm |
| 650 | 7 |
_aالسيرة النبوية _2aucsh |
|
| 700 | 1 |
_aشوكري، لطيفة _eمحقق. |
|
| 700 | 1 |
_aأبوري، خديجة _eمحقق. |
|
| 942 |
_2ddc _cBOOK _n0 |
||
| 949 |
_aSA-JeALM _d250502 _umohamedma123 _n1 |
||
| 999 |
_c7543 _d7543 |
||